[Event "Landesklasse West 2024/25"]
[Site "?"]
[Date "2024.12.08"]
[Round "4.4"]
[White "Hentrich, Jörg"]
[Black "Feldmann, Bernd"]
[Result "0-1"]
[WhiteElo "1769"]
[BlackElo "1822"]
[PlyCount "90"]
[EventDate "2024.09.15"]
[EventType "team-tourn"]
[EventRounds "9"]
[WhiteTeam "SV Ammern"]
[BlackTeam "Randspringer Bad Salzungen"]

{[%evp 0,90,25,25,45,45,45,39,55,34,51,27,33,24,28,21,21,18,13,2,2,-100,-97,-84,-74,-49,-44,-106,-66,-131,-57,-140,-169,-164,-141,-259,-251,-260,-253,-261,-236,-268,-248,-271,-271,-274,-268,-249,-203,-206,-194,-234,-143,-207,-110,-95,-101,-97,-103,-102,-41,-41,-35,-35,-58,-45,-62,-89,-96,-98,-96,-144,-159,-182,-160,-193,-199,-269,-269,-273,-283,-295,-312,-308,-326,-325,-333,-337,-348,-349,-387,-535,-544]} 1. e4 e6 2. d4 d5 3. Nc3 Nf6 4. Bg5 Be7 5. e5 Nfd7 6. Bxe7 Qxe7 7. f4 a6 8. Nf3 c5 9. Be2 Nc6 10. O-O cxd4 11. Nb1 Qc5 12. Kh1 f6 13. a3 fxe5 14. fxe5 Ndxe5 15. Nbd2 Nxf3 16. Bxf3 O-O 17. b4 Qd6 18. Nb3 e5 19. Qd2 Be6 20. Rae1 Rad8 21. Nc5 Bc8 22. Qg5 b6 23. Nb3 Be6 24. Be2 a5 25. Bb5 Na7 26. Bd3 axb4 27. Qxe5 Rxf1+ 28. Bxf1 Qxe5 29. Rxe5 Bf7 30. Nxd4 bxa3 31. Re3 Be8 32. Rxa3 Nc6 33. Ne6 Rd6 34. Nc7 Bg6 35. c4 d4 36. Nd5 Ne5 37. Ne7+ Kf7 38. Nxg6 Kxg6 39. Bd3+ Nxd3 40. Rxd3 Kf5 41. Kg1 Ke4 42. Rd1 d3 43. Kf2 Kd4 44. Ra1 Re6 45. Ra4 d2 0-1

[Event "Landesklasse West 2024/25"]
[Site "?"]
[Date "2024.12.08"]
[Round "4.5"]
[White "Wiefel, Erik"]
[Black "Hensel, Thomas"]
[Result "1/2-1/2"]
[WhiteElo "1619"]
[BlackElo "1612"]
[PlyCount "65"]
[EventDate "2024.09.15"]
[EventType "team-tourn"]
[EventRounds "9"]
[WhiteTeam "Randspringer Bad Salzungen"]
[BlackTeam "SV Ammern"]

{[%evp 0,65,25,-30,14,0,4,4,11,11,8,-27,-8,-11,4,8,1,25,20,-46,-11,-17,-12,-23,-47,-65,-72,-136,-142,-113,-122,-120,-88,-208,-207,-270,-290,-290,-210,-217,-205,-425,-310,-320,-310,-319,-317,-348,-345,-376,-360,-375,-338,-338,-338,-373,-318,-499,-281,-323,-332,-339,-62,-63,-77,-70,-29,-38]} 1. c4 c5 2. g3 Nc6 3. Bg2 g6 4. Nc3 Bg7 5. e3 e5 6. a3 Nge7 7. Nge2 O-O 8. O-O d6 9. h3 Rb8 10. d3 a6 11. Kh2 b5 12. cxb5 axb5 13. Rb1 b4 14. axb4 Nxb4 15. d4 Ba6 16. Re1 Nd3 17. Rf1 exd4 18. exd4 Nxc1 19. Rxc1 cxd4 20. Qa4 dxc3 21. Qxa6 cxb2 22. Rb1 Qb6 23. Qa3 Rfc8 24. Be4 Rc5 25. Qe3 Rc7 26. Qd2 Qb4 27. Qd3 Nc6 28. Rfd1 Rd8 29. Qc2 Qb6 30. Kg2 Nd4 31. Qxb2 Qxb2 32. Rxb2 Nxe2 33. Rxe2 1/2-1/2

[Event "Landesklasse West 2024/25"]
[Site "?"]
[Date "2024.12.08"]
[Round "4.7"]
[White "Wirsing, Frank"]
[Black "Schorch, Rüdiger"]
[Result "1/2-1/2"]
[WhiteElo "1558"]
[BlackElo "1919"]
[PlyCount "68"]
[EventDate "2024.09.15"]
[EventType "team-tourn"]
[EventRounds "9"]
[WhiteTeam "Randspringer Bad Salzungen"]
[BlackTeam "SV Ammern"]

{[%evp 0,68,25,21,22,-6,34,5,28,44,48,52,33,28,27,28,54,47,63,67,63,49,44,38,-15,-10,39,27,24,18,38,10,38,-18,-21,-21,8,-37,-31,-76,-54,-36,16,-30,-29,-85,-95,-109,-109,-134,-39,-126,-94,-158,-90,-108,-62,-87,-80,-97,-36,-58,-14,-31,1,-9,-9,-8,-5,8,4]} 1. d4 d5 2. c4 c6 3. Nc3 Nf6 4. e3 g6 5. Nf3 Bg7 6. Be2 O-O 7. O-O dxc4 8. Bxc4 b5 9. Bd3 Bb7 10. b3 Nbd7 11. Ne4 Nxe4 12. Bxe4 Qb6 13. Bb2 Rfd8 14. Qe2 Nf6 15. Bc2 a5 16. Ba3 b4 17. Bb2 Rac8 18. Ne5 c5 19. Bd3 cxd4 20. Bxd4 Qd6 21. Bc4 Nd5 22. Bxd5 Qxd5 23. Nf3 Bxd4 24. exd4 Rc3 25. Rfd1 e6 26. Rd2 Rdc8 27. Rad1 Qf5 28. Ne1 Rc1 29. f3 Qf4 30. Qe5 Qxe5 31. dxe5 Bd5 32. Rxc1 Rxc1 33. Kf2 Ra1 34. Nd3 g5 1/2-1/2

[Event "Landesklasse West 2024/25"]
[Site "?"]
[Date "2024.12.08"]
[Round "4.8"]
[White "Klein, Matthias"]
[Black "Keilholz, Stefan"]
[Result "1/2-1/2"]
[WhiteElo "1677"]
[BlackElo "1333"]
[PlyCount "38"]
[EventDate "2024.09.15"]
[EventType "team-tourn"]
[EventRounds "9"]
[WhiteTeam "SV Ammern"]
[BlackTeam "Randspringer Bad Salzungen"]

{[%evp 0,38,25,20,22,-14,12,14,21,13,14,-1,6,-39,8,-8,13,13,33,46,32,41,49,41,51,50,47,53,63,18,54,16,43,61,46,41,27,31,94,56,50]} 1. Nf3 d5 2. g3 g6 3. Bg2 Bg7 4. O-O Nf6 5. d3 O-O 6. Nbd2 Bg4 7. h3 Bxf3 8. Nxf3 Nbd7 9. c4 dxc4 10. dxc4 c6 11. Qc2 Qc7 12. Rb1 Rad8 13. b3 Rfe8 14. Re1 h6 15. e3 Ne5 16. Nxe5 Qxe5 17. Bb2 Qc7 18. Rbd1 Rxd1 19. Rxd1 Rd8 1/2-1/2

[Event "Landesklasse West 2024/25"]
[Site "?"]
[Date "2024.12.08"]
[Round "4.1"]
[White "Kirsch, Uwe"]
[Black "Gandera, Moritz"]
[Result "1/2-1/2"]
[WhiteElo "1919"]
[BlackElo "1805"]
[PlyCount "116"]
[EventDate "2024.09.15"]
[EventType "team-tourn"]
[EventRounds "9"]
[WhiteTeam "TSG Ruhla"]
[BlackTeam "SC Rochade Steinbach-Hallenberg"]

{[%evp 0,116,25,21,21,28,21,-14,-8,-13,15,-7,2,-48,-11,-26,-7,-24,-2,5,-5,3,20,-4,4,-6,-11,-13,11,2,26,12,12,-9,20,15,35,52,49,19,26,11,63,78,84,92,88,66,85,52,50,48,56,103,118,145,97,129,129,108,182,86,153,153,158,153,157,157,166,0,0,0,0,0,0,-28,-15,-3,-3,-44,-20,-21,106,141,158,158,153,173,173,172,207,176,206,199,225,225,205,216,278,280,295,293,300,299,323,293,302,0,0,0,0,0,0,0,0,0,0,0,0]} 1. d4 Nf6 2. Nf3 d5 3. g3 Bf5 4. Bg2 e6 5. O-O Be7 6. b3 h5 7. h3 Ne4 8. c4 Nd7 9. Bb2 c6 10. Nc3 Ndf6 11. Nd2 Nxc3 12. Bxc3 Qc7 13. e3 O-O 14. Qe2 Rfe8 15. Rfe1 g6 16. Nf1 g5 17. Nd2 g4 18. hxg4 Bxg4 19. f3 Bf5 20. Nf1 b6 21. e4 dxe4 22. fxe4 Bg6 23. Bf3 c5 24. e5 cxd4 25. Bxd4 Bc5 26. Bxc5 Qxc5+ 27. Kg2 Ng4 28. Bxa8 Rxa8 29. Rad1 a5 30. a4 Rc8 31. Nh2 Be4+ 32. Kf1 Nxh2+ 33. Qxh2 Qxe5 34. Qh4 Qf5+ 35. Kg1 Qc5+ 36. Kf1 Qf5+ 37. Qf4 Qxf4+ 38. gxf4 Bc2 39. Rd4 Bxb3 40. Rb1 Rxc4 41. Rd8+ Kg7 42. Rxb3 Rxf4+ 43. Kg2 Rxa4 44. Rxb6 Kf6 45. Rh8 Rg4+ 46. Kh3 Rg5 47. Ra6 Rb5 48. Kh4 Rb4+ 49. Kxh5 Kf5 50. Rxa5+ e5 51. Rf8 Rb7 52. Ra2 Kf4 53. Rxf7+ Rxf7 54. Rf2+ Kg3 55. Rxf7 e4 56. Re7 Kf3 57. Kh4 e3 58. Kh3 e2 1/2-1/2

[Event "Landesklasse West 2024/25"]
[Site "?"]
[Date "2024.12.08"]
[Round "4.2"]
[White "Wilhelm, Bernd"]
[Black "von Otte, Wilhelm"]
[Result "0-1"]
[WhiteElo "1893"]
[BlackElo "1900"]
[PlyCount "66"]
[EventDate "2024.09.15"]
[EventType "team-tourn"]
[EventRounds "9"]
[WhiteTeam "SC Rochade Steinbach-Hallenberg"]
[BlackTeam "TSG Ruhla"]

1. e4 e5 2. Nf3 Nc6 3. d4 exd4 4. Bc4 Bb4+ 5. Bd2 Be7 6. O-O Nf6 7. Re1 d6 8. h3 O-O 9. Bb3 a5 10. c3 d3 11. Bf4 Nd7 12. Qxd3 Nc5 13. Qc2 Nxb3 14. Qxb3 a4 15. Qc2 Bf6 16. Nbd2 g5 17. Bh2 g4 18. hxg4 Bxg4 19. e5 dxe5 20. Rad1 Bg7 21. Ne4 Qe7 22. Neg5 f5 23. Qd3 h6 24. Qd5+ Kh8 25. Ne6 Rf6 26. Nxe5 Rxe6 27. Ng6+ Rxg6 28. Rxe7 Nxe7 29. Qf7 Bxd1 30. Qxe7 Bf3 31. Bg3 Bc6 32. Qf7 Rg5 33. Qxc7 Re8 0-1

[Event "Landesklasse West 2024/25"]
[Site "?"]
[Date "2024.12.08"]
[Round "4.3"]
[White "Thrän, Uwe"]
[Black "Recknagel, Armin"]
[Result "1/2-1/2"]
[WhiteElo "1748"]
[BlackElo "1561"]
[PlyCount "58"]
[EventDate "2024.09.15"]
[EventType "team-tourn"]
[EventRounds "9"]
[WhiteTeam "TSG Ruhla"]
[BlackTeam "SC Rochade Steinbach-Hallenberg"]

1. d4 d5 2. c4 e6 3. Nc3 Nf6 4. Bg5 Be7 5. e3 c6 6. Nf3 Nbd7 7. cxd5 Nxd5 8. Bxe7 Qxe7 9. Bd3 O-O 10. O-O N7f6 11. Rc1 Bd7 12. Re1 Rac8 13. Qd2 c5 14. Nxd5 Nxd5 15. dxc5 Rxc5 16. Rxc5 Qxc5 17. Rc1 Qb6 18. a3 g6 19. Ne5 Bb5 20. Bxb5 Qxb5 21. Qd4 Qb6 22. Qxb6 Nxb6 23. Kf1 Rc8 24. Rxc8+ Nxc8 25. Ke2 Kf8 26. Kd3 Ke7 27. Kd4 f6 28. Nc4 Nd6 29. Nxd6 Kxd6 1/2-1/2

[Event "Landesklasse West 2024/25"]
[Site "?"]
[Date "2024.12.08"]
[Round "4.4"]
[White "Holland-Cunz, Dietrich"]
[Black "Fink, Klaus"]
[Result "1/2-1/2"]
[WhiteElo "1756"]
[BlackElo "1761"]
[PlyCount "21"]
[EventDate "2024.09.15"]
[EventType "team-tourn"]
[EventRounds "9"]
[WhiteTeam "SC Rochade Steinbach-Hallenberg"]
[BlackTeam "TSG Ruhla"]

{[%evp 0,21,25,21,45,21,70,71,66,66,59,47,45,54,60,35,59,56,60,63,51,53,66,72]} 1. d4 e6 2. Nf3 f5 3. g3 Nf6 4. Bg2 Be7 5. c4 O-O 6. O-O d6 7. b3 c6 8. Bb2 Na6 9. e3 Nc7 10. Nbd2 Rb8 11. Rc1 1/2-1/2

[Event "Landesklasse West 2024/25"]
[Site "?"]
[Date "2024.12.08"]
[Round "4.5"]
[White "Brückmann, Volker"]
[Black "Hoffmann, Hartmut"]
[Result "0-1"]
[WhiteElo "1728"]
[BlackElo "1964"]
[PlyCount "100"]
[EventDate "2024.09.15"]
[EventType "team-tourn"]
[EventRounds "9"]
[WhiteTeam "TSG Ruhla"]
[BlackTeam "SC Rochade Steinbach-Hallenberg"]

{[%evp 0,100,25,-22,20,26,25,-10,30,18,15,24,56,49,41,36,30,-3,0,-24,-24,-26,-36,-40,-34,-55,-52,-99,-73,-90,-67,-133,-138,-138,-130,-135,-96,-115,-111,-111,-92,-114,-71,-124,-164,-169,-152,-272,-284,-312,-305,-294,-296,-323,-337,-278,-282,-282,-271,-350,-291,-317,-317,-336,-330,-352,-347,-523,-448,-448,-396,-473,-471,-413,-413,-479,-427,-492,-400,-421,-424,-579,-559,-560,-456,-644,-326,-424,-429,-834,-384,-729,-865,-1135,-1253,-1477,-1241,-1826,-29980,-29993,-29994,-29995,-29996]} 1. c4 c5 2. Nc3 Nf6 3. g3 d5 4. cxd5 Nxd5 5. Bg2 Nc7 6. Nf3 Nc6 7. O-O e5 8. h3 Be7 9. Kh2 O-O 10. d3 Be6 11. a3 f6 12. Rb1 Qd7 13. Qc2 Rac8 14. Bd2 Rfd8 15. Rfd1 Nd4 16. Qc1 Nb3 17. Qc2 Nb5 18. Nxb5 Qxb5 19. Bc3 a5 20. Re1 a4 21. Bf1 Qd7 22. e3 b5 23. Qe2 b4 24. Bxe5 fxe5 25. Nxe5 Qc7 26. f4 Bf6 27. Nf3 bxa3 28. bxa3 c4 29. d4 c3 30. Qc2 Qd6 31. Bd3 h6 32. Re2 Qxa3 33. e4 Bxd4 34. f5 Bc4 35. Bxc4+ Rxc4 36. e5 Qf8 37. f6 Rc7 38. Rf1 Qf7 39. fxg7 Qxg7 40. Nh4 Bxe5 41. Nf5 Qg5 42. Qe4 Rd2 43. Rff2 Rxe2 44. Rxe2 Bg7 45. Nd6 Nd4 46. Qa8+ Kh7 47. Ne4 Qg6 48. Nxc3 Rxc3 49. Qxa4 Qxg3+ 50. Kh1 Rc1+ 0-1

[Event "Landesklasse West 2024/25"]
[Site "?"]
[Date "2024.12.08"]
[Round "4.6"]
[White "Döll, Frank"]
[Black "Voß, Ewald"]
[Result "1-0"]
[WhiteElo "1808"]
[BlackElo "1653"]
[PlyCount "49"]
[EventDate "2024.09.15"]
[EventType "team-tourn"]
[EventRounds "9"]
[WhiteTeam "SC Rochade Steinbach-Hallenberg"]
[BlackTeam "TSG Ruhla"]

{[%evp 0,49,25,25,25,7,11,14,13,7,12,14,17,7,28,-24,-2,0,2,9,6,9,25,25,41,40,48,11,0,-10,369,222,223,154,160,157,201,210,221,207,232,273,255,243,261,261,242,240,265,265,283,307]} 1. e4 e5 2. Nf3 Nc6 3. Bc4 Bc5 4. O-O Nf6 5. d3 O-O 6. Bg5 h6 7. Bh4 Be7 8. Nc3 d6 9. h3 Na5 10. Bb3 Nxb3 11. axb3 c6 12. d4 exd4 13. Nxd4 Nxe4 14. Bxe7 Nxc3 15. Bxd8 Nxd1 16. Bh4 Nxb2 17. Rab1 g5 18. Bg3 Nd3 19. cxd3 d5 20. Rfe1 c5 21. Nb5 Bf5 22. Rbd1 b6 23. Re5 Bd7 24. Nc7 Rac8 25. Nxd5 1-0

[Event "Landesklasse West 2024/25"]
[Site "?"]
[Date "2024.12.08"]
[Round "4.7"]
[White "Hagen, Matthias"]
[Black "Häfner, Jaime"]
[Result "0-1"]
[WhiteElo "1632"]
[BlackElo "1581"]
[PlyCount "70"]
[EventDate "2024.09.15"]
[EventType "team-tourn"]
[EventRounds "9"]
[WhiteTeam "TSG Ruhla"]
[BlackTeam "SC Rochade Steinbach-Hallenberg"]

1. d4 Nf6 2. Nf3 d5 3. e3 Bf5 4. Bd3 Bxd3 5. Qxd3 c6 6. O-O e6 7. b3 Be7 8. Bb2 O-O 9. Nbd2 Nbd7 10. Rac1 Qa5 11. c4 Rfd8 12. a3 c5 13. Qe2 Qa6 14. Rfe1 Rac8 15. e4 dxe4 16. Nxe4 Nxe4 17. Qxe4 Bf6 18. Qe2 cxd4 19. Nxd4 Nc5 20. b4 Na4 21. Red1 Nxb2 22. Qxb2 Rxc4 23. b5 Qa4 24. Qb3 Rcxd4 25. Qxa4 Rxa4 26. Rxd8+ Bxd8 27. Rc8 Rd4 28. g3 Kf8 29. Rb8 Ke7 30. Rxb7+ Rd7 31. Rb8 Bb6 32. Rh8 h6 33. Rc8 Rc7 34. Rg8 Kf6 35. Rd8 Rc1+ 0-1

[Event "Landesklasse West 2024/25"]
[Site "?"]
[Date "2024.12.08"]
[Round "4.8"]
[White "Hoffmann, Karsten"]
[Black "Kabisch, Roland"]
[Result "1-0"]
[WhiteElo "1645"]
[BlackElo "1570"]
[PlyCount "45"]
[EventDate "2024.09.15"]
[EventType "team-tourn"]
[EventRounds "9"]
[WhiteTeam "SC Rochade Steinbach-Hallenberg"]
[BlackTeam "TSG Ruhla"]

{[%evp 0,45,25,25,53,66,60,44,22,33,86,32,38,38,54,54,45,45,49,55,55,57,118,116,116,116,124,110,109,108,90,89,149,98,128,79,75,79,368,368,371,371,371,371,390,331,609,656]} 1. e4 c5 2. Nf3 e6 3. d4 cxd4 4. Nxd4 d6 5. c4 Bd7 6. Nc3 Nc6 7. Be3 Nf6 8. Be2 Be7 9. O-O O-O 10. Qd2 Rc8 11. Ndb5 Ne5 12. Nxd6 Bxd6 13. Qxd6 Nxc4 14. Bxc4 Rxc4 15. Rfd1 Rc6 16. Qd4 Qa5 17. e5 Nd5 18. Nxd5 Qxd5 19. Qxa7 Qxe5 20. Rxd7 Qxb2 21. Rad1 Ra6 22. Qxb7 Qxa2 23. Bc5 1-0

[Event "Landesklasse West 2024/25"]
[Site "?"]
[Date "2024.12.08"]
[Round "4.1"]
[White "Mutka, Oleksandr"]
[Black "Göpfert, Gregor"]
[Result "1-0"]
[WhiteElo "1791"]
[BlackElo "1784"]
[PlyCount "69"]
[EventDate "2024.09.15"]
[EventType "team-tourn"]
[EventRounds "9"]
[WhiteTeam "SV Wartburgstadt Eisenach"]
[BlackTeam "ESV Lok Meiningen"]

{[%evp 0,69,25,-29,-33,-29,-2,-29,-41,-32,-20,-25,-33,-17,-9,-51,-35,-60,-33,-61,-59,-54,-43,-104,-17,-74,-45,-41,-24,-81,-43,-78,-79,-77,-77,-77,-73,-43,-36,-26,20,22,25,-25,-29,-19,51,61,303,317,313,347,386,266,292,-422,275,275,275,261,251,271,269,296,538,554,559,567,550,506,506,590]} 1. f4 d5 2. Nf3 c5 3. g3 Nc6 4. Bg2 g6 5. O-O Bg7 6. d3 Nf6 7. c3 O-O 8. Qc2 Re8 9. e4 dxe4 10. dxe4 e5 11. f5 Qc7 12. Be3 b6 13. Na3 Ba6 14. Rfe1 Rad8 15. Bf1 Bxf1 16. Rxf1 gxf5 17. exf5 Nd5 18. Qe4 Nxe3 19. Qxe3 e4 20. Nd2 Qe7 21. Rf4 Rd3 22. Qe2 Bh6 23. Rxe4 Rxd2 24. Qg4+ Kf8 25. Rxe7 Rxe7 26. Nc4 Ne5 27. Qh4 Nxc4 28. Qxh6+ Ke8 29. b3 Ne5 30. Rf1 Rxa2 31. Qxh7 Nd3 32. f6 Ree2 33. Qg8+ Kd7 34. Qxf7+ Kd6 35. Qh7 1-0

[Event "Landesklasse West 2024/25"]
[Site "?"]
[Date "2024.12.08"]
[Round "4.2"]
[White "Lehmann, Peter"]
[Black "Neef, Michael"]
[Result "1-0"]
[WhiteElo "1893"]
[BlackElo "1778"]
[PlyCount "85"]
[EventDate "2024.09.15"]
[EventType "team-tourn"]
[EventRounds "9"]
[WhiteTeam "ESV Lok Meiningen"]
[BlackTeam "SV Wartburgstadt Eisenach"]

{[%evp 0,85,25,21,21,22,25,19,5,7,21,13,36,-9,51,35,27,25,84,96,84,81,76,68,74,42,31,26,66,61,64,35,80,65,70,50,73,63,55,59,209,210,202,204,236,226,232,228,228,239,242,242,239,264,252,228,228,219,219,257,257,192,212,212,237,200,251,220,278,202,289,277,291,237,251,222,245,247,287,252,284,487,465,492,747,776,29987,29988]} 1. d4 d5 2. Nf3 Nf6 3. e3 e6 4. Bd3 Bd6 5. O-O O-O 6. Nbd2 c6 7. Qe2 Nbd7 8. e4 dxe4 9. Nxe4 Be7 10. Bg5 h6 11. Bh4 Nh5 12. Bg3 Nxg3 13. hxg3 Nf6 14. Nxf6+ Bxf6 15. Rfe1 g6 16. c3 Qd6 17. Rad1 Bd7 18. Qc2 Bg7 19. Ne5 Bxe5 20. dxe5 Qe7 21. Bxg6 Kg7 22. Bd3 f5 23. exf6+ Rxf6 24. Qe2 Raf8 25. Qe5 Be8 26. Re4 Bg6 27. Rg4 Kh7 28. Bxg6+ Rxg6 29. Rxg6 Kxg6 30. Re1 Rf6 31. Re4 Kf7 32. g4 Rg6 33. f3 b5 34. Kh2 Qh4+ 35. Kg1 Qe7 36. Rd4 c5 37. Rd2 Rf6 38. Qb8 Kg7 39. Rd8 Rf7 40. Rg8+ Kh7 41. Rh8+ Kg6 42. Qe5 Rg7 43. Qh5+ 1-0

[Event "Landesklasse West 2024/25"]
[Site "?"]
[Date "2024.12.08"]
[Round "4.3"]
[White "Arnold, Sebastian"]
[Black "Lehmann, Georg"]
[Result "1/2-1/2"]
[WhiteElo "1678"]
[BlackElo "1631"]
[PlyCount "56"]
[EventDate "2024.09.15"]
[EventType "team-tourn"]
[EventRounds "9"]
[WhiteTeam "SV Wartburgstadt Eisenach"]
[BlackTeam "ESV Lok Meiningen"]

{[%evp 0,56,25,-6,39,39,15,15,23,30,56,43,72,61,61,36,28,31,44,50,63,46,74,52,120,132,126,89,90,52,89,56,54,20,59,3,51,37,49,26,46,31,23,-62,-56,-57,-84,-171,-165,-180,-150,-138,-78,-100,-73,-66,-46,-152,-30]} 1. c4 c6 2. e4 d5 3. exd5 cxd5 4. cxd5 Qxd5 5. Nc3 Qa5 6. d4 Nf6 7. h3 e6 8. Nf3 Bb4 9. Bd2 O-O 10. Bd3 a6 11. O-O b5 12. a3 Bxc3 13. Bxc3 Qd8 14. Re1 Bb7 15. Bc2 Nbd7 16. Qd3 Bd5 17. Rad1 Qc7 18. Ne5 Rfd8 19. Qe2 Qb7 20. f4 a5 21. b4 Rdc8 22. Nxd7 Nxd7 23. Ba1 axb4 24. axb4 Ra2 25. Rd2 g6 26. Bd3 Rxd2 27. Qxd2 Ra8 28. Qe2 Rb8 1/2-1/2

[Event "Landesklasse West 2024/25"]
[Site "?"]
[Date "2024.12.08"]
[Round "4.5"]
[White "Pinnau, Hannes"]
[Black "Rasch, Wolfgang"]
[Result "1/2-1/2"]
[WhiteElo "1630"]
[BlackElo "1604"]
[PlyCount "64"]
[EventDate "2024.09.15"]
[EventType "team-tourn"]
[EventRounds "9"]
[WhiteTeam "SV Wartburgstadt Eisenach"]
[BlackTeam "ESV Lok Meiningen"]

{[%evp 0,64,25,20,20,-6,37,33,74,67,61,14,-6,9,4,-7,33,-10,41,25,26,15,72,54,83,56,40,38,56,34,63,10,41,16,54,39,36,52,57,26,111,111,396,-109,-117,-254,113,-327,-342,-401,-400,-400,-400,-424,-359,-411,-388,-422,-135,-587,-424,-404,-141,-590,-433,-434,-161]} 1. Nf3 Nf6 2. c4 g6 3. Nc3 d5 4. cxd5 Nxd5 5. g3 Bg7 6. Bg2 O-O 7. O-O c6 8. Nxd5 Qxd5 9. d4 Rd8 10. Be3 Qa5 11. Qb3 Qd5 12. Qa3 Qd6 13. Qb3 Qd5 14. Qc3 Qb5 15. Rfc1 Bg4 16. a4 Qa6 17. b4 Nd7 18. Qb3 Be6 19. Qb2 c5 20. bxc5 Nxc5 21. Qb4 Nb3 22. Ra3 Na5 23. Qxe7 Bf8 24. Qf6 Bxa3 25. Bh6 Bf8 26. Qh4 Qd6 27. Bg5 Rac8 28. e4 Be7 29. Qh6 Bf8 30. Qh4 Be7 31. Qh6 Bf8 32. Qh4 Be7 1/2-1/2

[Event "Landesklasse West 2024/25"]
[Site "?"]
[Date "2024.12.08"]
[Round "4.6"]
[White "Semisch, Helga"]
[Black "Lotz, Arthur"]
[Result "0-1"]
[WhiteElo "1132"]
[BlackElo "1434"]
[PlyCount "106"]
[EventDate "2024.09.15"]
[EventType "team-tourn"]
[EventRounds "9"]
[WhiteTeam "ESV Lok Meiningen"]
[BlackTeam "SV Wartburgstadt Eisenach"]

{[%evp 0,106,25,25,70,-26,-19,-50,-34,-32,-9,-46,-63,-73,-16,-7,-9,17,16,-7,-6,-25,-20,-29,-29,-31,-21,-36,-13,-16,29,25,-1,9,32,15,20,46,17,-205,-237,-224,-241,-255,-243,-256,-254,-650,-603,-671,-276,-279,-268,-276,-276,-304,-280,-335,-330,-356,-356,-371,-210,-210,-345,-360,-323,-323,-323,-379,-277,-357,-345,-370,-293,-284,-274,-223,-242,-233,-232,-271,-256,-329,-266,-254,-277,-337,-397,-404,-413,-425,-464,-485,-500,-505,-526,-542,-612,-635,-643,-1032,-1260,-1894,-29962,-29963,-29964,-29971,-1013]} 1. e4 c6 2. Bc4 d5 3. Bd3 dxe4 4. Bxe4 Nf6 5. Bd3 Nbd7 6. Nf3 Nc5 7. Be2 Bf5 8. O-O e6 9. d3 Bd6 10. Bg5 h6 11. Be3 O-O 12. Nbd2 Nd5 13. Bd4 Re8 14. Nc4 b5 15. Nxd6 Qxd6 16. Be5 Qd8 17. Nd4 Qb6 18. Nxf5 exf5 19. Bg3 f4 20. c4 bxc4 21. dxc4 fxg3 22. cxd5 gxf2+ 23. Rxf2 Ne4 24. Qe1 Qxf2+ 25. Qxf2 Nxf2 26. Kxf2 cxd5 27. Bf3 Rad8 28. b4 d4 29. a4 d3 30. b5 Re6 31. a5 d2 32. Bg4 f5 33. Bf3 Red6 34. Rd1 Rb8 35. Be2 f4 36. Kf3 Rc8 37. Kxf4 Rc1 38. Ke3 Rxd1 39. Bxd1 Kf7 {[%cal Ge3e2]} 40. Ke4 Kf6 41. g4 g6 42. h4 g5 43. hxg5+ hxg5 44. Kf3 Ke5 45. Ke3 Rd5 46. Ke2 Rxb5 47. Kxd2 Rxa5 48. Kc3 Ra1 49. Be2 Kf4 50. Kd2 Ra2+ 51. Kd3 Rxe2 52. Kxe2 Kxg4 53. Kf2 a5 0-1

[Event "Landesklasse West 2024/25"]
[Site "?"]
[Date "2024.12.08"]
[Round "4.7"]
[White "Kursawe, Reiner"]
[Black "Oleak, Wolfgang"]
[Result "0-1"]
[WhiteElo "1463"]
[BlackElo "1447"]
[PlyCount "101"]
[EventDate "2024.09.15"]
[EventType "team-tourn"]
[EventRounds "9"]
[WhiteTeam "SV Wartburgstadt Eisenach"]
[BlackTeam "ESV Lok Meiningen"]

{[%evp 0,101,25,-2,10,2,2,12,13,13,9,-57,1,1,8,1,-2,-18,15,-43,-42,-42,-66,-66,-33,-58,-52,-17,-17,-59,-33,-28,-11,-7,-7,-27,-13,-14,9,1,40,43,29,-18,-32,-26,-26,-49,-57,-78,-80,-77,-59,-101,-59,-99,-88,-122,-119,-128,-117,-198,-171,-178,-178,-181,-171,-177,-182,-188,-187,-330,-344,-362,-361,-325,-402,-593,-659,-774,-862,-933,-972,-928,-1004,-1241,-1013,-1013,-1140,-1242,-1280,-1280,-1351,-1348,-1294,-1438,-1819,-1894,-1937,-29971,-1954,-29983,-1869,-29981]} 1. c4 e6 2. Nf3 d5 3. e3 Nf6 4. Nc3 c5 5. h3 Nc6 6. d4 Be7 7. a3 O-O 8. Bd3 a6 9. Ne5 cxd4 10. Nxc6 bxc6 11. exd4 dxc4 12. Bxc4 Bb7 13. O-O c5 14. Be3 cxd4 15. Qxd4 Qxd4 16. Bxd4 Rfd8 17. Be3 Rac8 18. Be2 Nd5 19. Nxd5 exd5 20. Bd4 Bc5 21. Rfd1 Bxd4 22. Rxd4 Rc2 23. Bd3 Rxb2 24. Rb1 Rxb1+ 25. Bxb1 g6 26. g4 Kf8 27. Kg2 Ke7 28. f4 Kd6 29. Kf3 Rc8 30. a4 Rc4 31. Rxc4 dxc4+ 32. Ke3 Kc5 33. h4 h6 34. Bc2 Bc6 35. Bd1 a5 36. Bc2 Kb4 37. Kd4 c3 38. g5 hxg5 39. hxg5 Bxa4 40. Bxa4 Kxa4 41. Kxc3 Kb5 42. Kb3 a4+ 43. Kc3 a3 44. Kb3 a2 45. Kxa2 Kc4 46. Kb2 Kd3 47. Kc1 Ke3 48. f5 gxf5 49. Kd1 f4 50. Ke1 Kf3 51. Kf1 0-1

[Event "Landesklasse West 2024/25"]
[Site "?"]
[Date "2024.12.08"]
[Round "4.1"]
[White "Tuhacek, Christian"]
[Black "Hausknecht, Matthias"]
[Result "0-1"]
[WhiteElo "1878"]
[BlackElo "2188"]
[PlyCount "98"]
[EventDate "2024.09.15"]
[EventType "team-tourn"]
[EventRounds "9"]
[WhiteTeam "VfB 1919 Vacha"]
[BlackTeam "SG Barchfeld/Breitungen"]

{[%evp 0,98,25,20,20,21,75,41,48,13,66,51,61,29,85,47,56,39,52,40,55,11,13,15,51,58,57,55,71,70,70,58,65,37,40,23,8,15,27,-6,32,2,9,0,-11,-14,-21,-11,-9,-16,-8,-14,13,4,9,12,21,14,41,-114,-1,7,29,18,15,15,22,-25,-23,-34,-25,-49,-38,-47,-46,-59,-47,-46,-40,-34,-40,-35,-55,-222,-246,-239,-282,-362,-379,-427,-427,-428,-428,-428,-428,-768,-796,-1005,-1046,-1301,-1381]} 1. d4 Nf6 2. Nc3 d6 3. Bf4 Nc6 4. e4 a6 5. Nf3 Bg4 6. Be2 e6 7. O-O Be7 8. a3 O-O 9. Re1 Re8 10. Qd3 d5 11. exd5 Bf5 12. Qd2 exd5 13. Bd3 Bg6 14. Bxg6 hxg6 15. Ne5 Bd6 16. Nxc6 bxc6 17. f3 Qd7 18. Na4 Qf5 19. Bxd6 cxd6 20. Rad1 g5 21. Rxe8+ Rxe8 22. Qd3 Qc8 23. h3 Nh5 24. Qd2 Nf4 25. Re1 Kf8 26. Rxe8+ Qxe8 27. Nc3 Qe6 28. Kf2 Qh6 29. Kg1 Qh4 30. Qf2 Qh7 31. Qd2 Qf5 32. Ne2 Ne6 33. Qd3 Qxd3 34. cxd3 f5 35. g3 Kf7 36. Kf2 f4 37. h4 gxh4 38. gxh4 Kg6 39. Kg2 Kh5 40. Kh3 a5 41. b4 axb4 42. axb4 g6 43. b5 cxb5 44. Nc3 b4 45. Nxd5 b3 46. Nf6+ Kh6 47. d5 Nc5 48. Ng4+ Kg7 49. Nf2 b2 0-1